| 000 | 00884nam a2200289 i 4500 | ||
|---|---|---|---|
| 001 | 106027 | ||
| 003 | ES-MaACL | ||
| 005 | 20250804082044.0 | ||
| 007 | t| | ||
| 008 | 060921s1975 sp ||||1| spa d | ||
| 020 | _a84-323-0029-2 | ||
| 080 | _a164 | ||
| 080 | _a162.6 | ||
| 100 | 1 |
_aLefebvre, Henri. _971225 |
|
| 245 | 1 | 0 |
_aLógica formal, lógica dialéctica / _cpor Henri Lefebvre ; traducción de Mª Esther Benítez Eiroa. |
| 250 | _a5ª ed. | ||
| 260 |
_aMadrid : _bSiglo Veintiuno de España, _c1975. |
||
| 300 |
_aIX, 346 p. ; _c18 cm. |
||
| 490 | 1 | _aTeoría y crítica | |
| 500 | _aBiblioteca Juan Andrade. | ||
| 650 | 7 |
_aLógica matemática _2embne _914697 |
|
| 650 | 1 | 4 |
_aDialéctica. _911854 |
| 700 | 1 |
_aBenítez, Esther, _d1937-2001 _927600 |
|
| 830 | 0 |
_aTeoría y crítica _9125013 |
|
| 852 |
_aES-MaACL _jAND-1004 |
||
| 999 |
_c106027 _d106027 |
||